Invitation to number theory
Αποθηκεύτηκε σε:
| Κύριος συγγραφέας: | |
|---|---|
| Μορφή: | Βιβλίο |
| Γλώσσα: | English |
| Δημοσίευση: |
New York :
Random House,
1967.
|
| Σειρά: | New mathematical library
; 20 |
| Θέματα: | |
| Ετικέτες: |
Προσθήκη ετικέτας
Δεν υπάρχουν, Καταχωρήστε ετικέτα πρώτοι!
|
MARC
| LEADER | 00000cam a2200000 a 4500 | ||
|---|---|---|---|
| 001 | 1/125289 | ||
| 008 | 220905t1967####nyu| ||| |||| ||eng|| | ||
| 040 | |a GR-MyUa |b gre |c GR-MyUa |e AACR2 | ||
| 041 | 0 | |a eng | |
| 082 | 7 | |a 512.7 |2 (23) | |
| 100 | 1 | |a Ore, Oystein, |d 1899-1968. | |
| 245 | 1 | 0 | |a Invitation to number theory / |c by Oystein Ore. |
| 260 | |a New York : |b Random House, |c 1967. | ||
| 300 | |a viii, 129 σ. ; |c 23 εκ. | ||
| 490 | 1 | |a (New mathematical library - Random House ; |v 20) | |
| 504 | |a Περιέχει βιβλιογραφικές αναφορές και ευρετήριο. | ||
| 650 | 0 | |a Number theory. | |
| 767 | 0 | 8 | |i Μεταφρασμένο ως: |t Initiation à la théorie des nombres / |
| 830 | 0 | |a New mathematical library |v ; 20 | |
| 852 | |a INST |b SAMOS |c MAG |e 20220905 |h 512.7 ORE |p 005300035502 |q 005300035502 |t BK |y 0 | ||
| 970 | |a Γουβάλα |b Βάσω |z 05-09-2022 | ||